00529nam a2200193 a 4500001001300000003000900013005001700022008004100039020002300080082001300103100001600116245006700132260004600199300000900245500003500254505001000289650002000299650001600319nice12345678IN_TiNIC20260116014043.0050524s2000 newa grp 000 0 eng  a0671636 c29500a943bLEB aLebor, Adam aSurviving Hitler, Corruption and Compromise in the Third Reich aNew York bWashington Square Press c2000 a338p aincludes index and biblioraphy2 aIndex aGermany-History aRoger Boyes